Countries A-Z with the Best Tennis Player - Statistics

General Stats
  • This quiz has been taken 245 times
  • The average score is 18 of 22
Answer Stats
Letter Ranking and first name Country % Correct
D #8 Holger Denmark
97%
U #3 Coco United States
96%
R #3 Daniil Russia
95%
F #20 Ugo / #20 Caroline France
94%
I #4 Jannik Italy
94%
S #1 Novak Serbia
94%
P #1 Iga Poland
93%
A #12 Alex Australia
92%
G #6 Stefanos Greece
92%
J #47 Joshihito Japan
91%
N #11 Casper Norway
90%
B #2 Aryna Belarus
89%
K #4 Elena Kazakhstan
84%
L #12 Jelena Latvia
80%
Q #1996 Mubarak Qatar
79%
H #59 Marton Hungary
78%
T #6 Ons Tunisia
78%
V #562 Nam Vietnam
74%
C #7 Marketa Czechia
73%
Z #355 Benjamin Zimbabwe
71%
E #59 Mayar Egypt
53%
M #101 Renata Mexico
49%
No matching quizzes found
Score Distribution
Percent of People with Each Score
Percentile by Number Answered
Your Score History
You have not taken this quiz